000 00888nam a2200253 a 4500
001 000011474
005 20240412074226.0
008 091019s2006 dr 000 d spa d
020 _a9945427075
040 _aDO-SdBNP
_bspa
_cBNPHU
082 _aRD862.44
_bC957s
100 1 _aCruz Durán, Giovanny,
_d1953-
_927168
245 1 0 _aSobre ángeles y demonios :
_b(tragedia en dos actos) /
_cGiovanny Cruz Durán.
260 _aSanto Domingo :
_bEditora Nacional,
_c2006.
300 _a74 p. ;
_c24 cm.
490 1 _aPremios Nacionales
500 _aIncluye datos biográficos del autor en la solapa de la cubierta.
586 _aPremio Nacional de Teatro Cristóbal de Llena, 2006
590 _aInventariado, 2019 / DG
650 0 _aTeatro dominicano
_9637
650 0 _aLiteratura dominicana.
_967
830 0 _aPremios Nacionales
_9718
910 _aValidado. Control de calidad MFF
999 _c11175
_d11175